| 000 | 00000nam 2200000zi 4500 |
| 001 | 9.922094 |
| 003 | CaOODSP |
| 005 | 20230501125334 |
| 006 | m o d f |
| 007 | cr |n||||||||| |
| 008 | 230501e199606##onc ob f001 0 fre d |
| 040 | |aCaOODSP|bfre|erda|cCaOODSP |
| 043 | |an-cn--- |
| 086 | 1 |aIu4-370/1996F-PDF |
| 245 | 00|aManuel de réseautage de la CCRA : |bguide pratique pour la formation d'alliances fructueuses / |cCoalition canadiennes des réseaux d'affaires. |
| 246 | 17|aCoalition canadiennes des réseaux d'affaires : |bmanuel de réseautage |
| 264 | 1|a[Ottawa] : |bIndustrie Canada = Industry Canada, |cjuin 1996. |
| 264 | 4|c©1996 |
| 300 | |a1 ressource en ligne (95 pages) |
| 336 | |atexte|btxt|2rdacontent/fre |
| 337 | |ainformatique|bc|2rdamedia/fre |
| 338 | |aressource en ligne|bcr|2rdacarrier/fre |
| 500 | |aÉdition numérisée de l'imprimé [par Innovation, Sciences et Développement économique Canada]. |
| 500 | |aPublié aussi en anglais sous le titre : The CBNC how to network book : a practical guide for successful strategic alliances. |
| 504 | |aComprend des références bibliographiques (pages 88-89). |
| 650 | 6|aRéseaux d'affaires|zCanada. |
| 650 | 6|aAlliances stratégiques (Affaires)|zCanada. |
| 710 | 1 |aCanada. |bIndustrie Canada, |eorganisme de publication. |
| 710 | 2 |aCoalition canadiennes des réseaux d'affaires, |eauteur, |eorganisme de publication. |
| 775 | 08|tThe CBNC how to network book : |w(CaOODSP)9.892628 |
| 856 | 40|qPDF|s4.91 Mo|uhttps://publications.gc.ca/collections/collection_2023/isde-ised/iu4/Iu4-370-1996-fra.pdf |